000 00815cam a22002655a 4500
001 L159698
008 171212s2017 xxk f 000 0 eng d
020 _a9781859466438
035 _a(Sirsi) u159698
041 0 _aeng
050 0 4 _a696.8
110 2 _aSturgis, Simon
245 0 0 _aTargetting zero
_bEmbodied and whole life carbon explained
260 _aNewcastle-upon-Tyne
_bRIBA Publishing
_c2017
300 _a25 cm; 130p
520 _aBased on the findings of practical case studies focuses on ways to recuce embodied and whole-life emission carbon generated from buildings.
590 _aKA
650 2 4 _aCARBON EMISSIONS
650 2 4 _aGREEN BUILDINGS
650 2 4 _aEMISSIONS
651 4 _aENGLAND AND WALES
690 _aSustainability
_96271
690 _aEnergy
_96237
942 _n0
_2ddc
999 _c116090
_d116090